Biggest cities in the Buffalo area - Statistics

General Stats
  • This quiz has been taken 28 times
  • The average score is 7 of 15
Answer Stats
Hint Answer % Correct
276,800 Buffalo
100%
49,180 Niagara Falls
71%
9,580 Hamburg
53%
15,300 Kenmore
53%
57,840 Tonawanda
53%
15,050 Tonawanda
53%
86,180 Cheektowaga
47%
17,990 Lackawanna
41%
20,740 Lockport
41%
45,200 West Seneca
41%
15,330 Depew
35%
10,220 Lancaster
35%
16,150 Eggertsville
18%
30,940 N Tonawanda
6%
7,680 S Lockport
6%
No matching quizzes found
Score Distribution
Percent of People with Each Score
Percentile by Number Answered
Your Score History
You have not taken this quiz